[Event "Sopo op"]
[Site "Sopo"]
[Date "2013.04.28"]
[Round "5"]
[White "Tobo, Sergio"]
[Black "Pinilla, Diego Alexander"]
[Result "0-1"]
[WhiteElo "1615"]
[BlackElo "1667"]
[PlyCount "51"]
[EventDate "2013.04.26"]
[EventType "swiss"]
[EventRounds "5"]
[EventCountry "COL"]
[SourceTitle "CBM 154 Extra"]
[Source "ChessBase"]
[SourceDate "2013.06.25"]
[SourceVersion "2"]
[SourceVersionDate "2013.06.25"]
[SourceQuality "1"]

1. e4 d5 2. exd5 Nf6 3. Nc3 Nxd5 4. Bc4 Nb6 5. Bb3 Nc6 6. Nf3 Bg4 7. h3 Bh5 8. g4 Bg6 9. Nh4 e6 10. Nxg6 hxg6 11. d3 Bc5 12. Ne4 Qe7 13. Be3 Bxe3 14. fxe3 f5 15. Nf2 0-0-0 16. Qe2 e5 17. 0-0-0 a5 18. c3 a4 19. Bc2 a3 20. b3 Qc5 21. Qd2 Nd5 22. c4 Nxe3 23. Rde1 Nxc2 24. Qxc2 Nb4 25. Qe2 Qxf2 26. Qxf2 0-1

[Event "Sopo op"]
[Site "Sopo"]
[Date "2013.04.27"]
[Round "2"]
[White "Tobo, Sergio"]
[Black "Garcia, Juan Manuel"]
[Result "0-1"]
[WhiteElo "1615"]
[BlackElo "1872"]
[PlyCount "81"]
[EventDate "2013.04.26"]
[EventType "swiss"]
[EventRounds "5"]
[EventCountry "COL"]
[SourceTitle "CBM 154 Extra"]
[Source "ChessBase"]
[SourceDate "2013.06.25"]
[SourceVersion "2"]
[SourceVersionDate "2013.06.25"]
[SourceQuality "1"]

1. e4 e5 2. Nf3 Nc6 3. Bc4 Bc5 4. c3 Nf6 5. d4 exd4 6. cxd4 Bb4+ 7. Bd2 Bxd2+ 8. Nbxd2 d5 9. exd5 Nxd5 10. Qb3 Na5 11. Qa4+ c6 12. Bxd5 Qxd5 13. 0-0 0-0 14. Rfe1 b6 15. Re5 Qd6 16. b4 Nb7 17. Nc4 Qc7 18. Qc2 Nd6 19. Nxd6 Qxd6 20. Rae1 g6 21. Qe4 f6 22. Re7 Bf5 23. Qh4 g5 24. Qh5 Bg6 25. Qg4 Rae8 26. Qe6+ Qxe6 27. R1xe6 Rxe7 28. Rxe7 Re8 29. Rxe8+ Bxe8 30. Kf1 Bf7 31. a3 Bd5 32. Ne1 Bc4+ 33. Kg1 Kf7 34. g3 Ke6 35. Kg2 Kd5 36. Nc2 Bd3 37. Ne3+ Kxd4 38. Ng4 c5 39. bxc5 bxc5 40. f4 f5 41. Ne5 0-1